| 000 | 00948nam a2200241 a 4500 | ||
|---|---|---|---|
| 001 | 44135 | ||
| 003 | BD-RjUL | ||
| 005 | 20211209053814.0 | ||
| 008 | 160714s1954 ii ||||| |||| 00| 0 ben d | ||
| 020 | _c: IRs 3.00 | ||
| 035 | _a(BD-RjUL)44253 | ||
| 040 |
_aBD-RjUL _bben _cBD-RjUL _dBD-RjUL |
||
| 041 | _aben | ||
| 082 |
_223 _a891.4414 _bDAR 1954 |
||
| 100 |
_aদাশগুপ্ত, অমলেন্দু _9135506 |
||
| 245 | 1 | 0 |
_aঋষি রবীন্দ্রনাথ / _cঅমলেন্দু দাশগুপ্ত |
| 250 | _a১ম সং. | ||
| 260 |
_aকলিকাতা : _bজেনারেল প্রিন্টার্স, _c১৯৫৪ [১৩৬১]. |
||
| 300 |
_a[৮], ১১০ পৃ. ; _c২১ সেমি. |
||
| 600 |
_aঠাকুর, রবীন্দ্রনাথ _d১৮৬১-১৯৪১ _9173235 |
||
| 600 |
_aTagore, Robindronath _d1861-1941 _9173236 |
||
| 942 |
_2ddc _cBK |
||
| 999 |
_c44135 _d44135 |
||